000 00696nam a2200169Ia 4500
008 190719s9999||||xx |||||||||||||| ||und||
020 _a9789280115949
_cRs. 7465.00
040 _aIMU Kochi
082 0 4 _a343.0962
_bIn821
110 _aInternational Maritime Organization
245 0 _aSOLAS Consolidated edition 2014 : Consolidated text of the International Convention for the Safety of Life at Sea (SOLAS), 1974 and its protocol of 1988: articles, annexes and certificates /
_cInternational Maritime Organization
250 _a6th ed.
260 _aLondon :
_bInternational Maritime Organization ,
_c2014
300 _aix, 474
_c; 30 cm.
650 _aShips
_xSafety regulations
942 _2ddc
_cBK
999 _c60
_d60